000 00326nam a2200145Ia 4500
008 230718s9999 xx 000 0 und d
041 _aEng.
082 _a823.5
_bBER-P
100 _aBernard Shaw
245 0 _aPygmalion
260 _aPakistan
_bOxford comiversity en
_c1996
300 _a155
650 _aLaw
999 _c26198
_d26198